书目信息 |
| 书名: | The politics of the presidency | |
| 作者: | Norman C.Thomas,Joseph A.Pika. | |
| 分册号: | ||
| 分册名: | 出版地: | Washington,D.C. : |
|
| 出版社: | Adivision of congressional Quarterly Inc | |
| 出版时间: | 1997. | |
| 页数: | 499 p. ; | |
| 开本: | 20cm. | |
| 丛书名: | ||
| 中图分类号: | ||
| 科图分类号: | ||
| 其他分类号: | D771.21 | |
| 主题词: | ||
| 电子资源: | ||
| 000 | 00532nam 2200169 a 4500 | |
| 001 | E0138206519 | |
| 005 | 2001121810364540 | |
| 008 | 011218s1997 00010 eng | |
| 020 | @a1-56802-316-2@bsoft | |
| 040 | @aPFT@beng | |
| 090 | @aD771.21 | |
| 099 | @dD771.21@eT454 | |
| 245 | @aThe politics of the presidency / @cNorman C.Thomas,Joseph A.Pika. | |
| 250 | @a4th ed. | |
| 260 | @aWashington,D.C. :@bAdivision of congressional Quarterly Inc.,@c1997. | |
| 300 | @a499 p. ;@c20cm. | |
| 500 | @aIncludes bibliographical references and index | |
| The politics of the presidency / / Norman C.Thomas,Joseph A.Pika.-4th ed.-Washington,D.C. : : Adivision of congressional Quarterly Inc., , 1997. |
| 499 p. ; ; 20cm. |
| Includes bibliographical references and index |
| ISBN 1-56802-316-2soft |
| ● |
| 相关链接 |
|
|
|
正题名:The politics of the presidency
索取号:D771.21/T454
 
预约/预借
| 序号 | 登录号 | 条形码 | 馆藏地/架位号 | 状态 | 备注 |
| 1 | 0756 | 300007560 | 社科库509/509社科库 53排2列1层/ [索取号:D771.21/T454] | 在馆 |